000 00756nam a22002297a 4500
999 _c8421
_d8421
003 AR-CdUCM
008 190325b ||||| |||| 00| 0 spa d
040 _aMUNICIPALIDAD PROVINCIAL DEL CUSCO
_cBIBLIOTECA MUNICIPAL DEL CUSCO
082 _24ed.
_a818.5 /
_bC27
100 _aCapote, Truman
_91602
245 _aA Sangre Fría :
_bRelato fidedigno de un asesinato múltiple y de sus consecuencias /
260 _aBarcelona - Madrid :
_bNoguer,
_c1966.
300 _a400 paginas ;
_c20 cm.
500 _aGalería literaria Traducción de: In cold blood.
650 _aNovela
_95
650 _aEstados Unidos
_91805
650 _aSiglo XX
_98
650 _aLiteratura
_983
700 _aBorras, María Luisa
_923639
942 _2ddc
_cLIBROS
945 _apjha